| 000 | 00420nam a2200157Ia 4500 | ||
|---|---|---|---|
| 008 | 210716s1991 xx 000 0 und d | ||
| 020 | _a74602942 | ||
| 041 | _aeng | ||
| 082 | _a005.74 PRAN | ||
| 100 | _aPrakash, Naveen. | ||
| 245 | _aIntroduction to database management. | ||
| 250 | _a1 | ||
| 260 |
_aNew Delhi _bTata McGraw Hill Publishing Company Ltd _c1991 |
||
| 300 | _avii,304 | ||
| 650 | _aDatabase Management | ||
| 999 |
_c182171 _d182171 |
||